000
00323nam a22001457a 4500
020
_a
978-0-2412-5726-5
082
_a
001
_b
SUM/C
100
_a
SUMMERSCALE, CLAIRE
245
_a
HOW TO PLAY CHESS
260
_a
DELHI
_b
PENDUIN RAMDOM HOUSE
_c
2016
300
_a
72
520
_a
CHESS PLAYING
650
_a
G.K
942
_c
BK
999
_c
6881
_d
6881